XML security

में बचाया:
ग्रंथसूची विवरण
मुख्य लेखक: Blake Dournaee
स्वरूप: पुस्तक
भाषा:Undetermined
प्रकाशित: New York McGraw-Hill 2002
विषय:
टैग : टैग जोड़ें
कोई टैग नहीं, इस रिकॉर्ड को टैग करने वाले पहले व्यक्ति बनें!
Thư viện lưu trữ: Trung tâm Học liệu Trường Đại học Cần Thơ
LEADER 00445nam a2200169Ia 4500
001 CTU_56395
008 210402s9999 xx 000 0 und d
082 |a 005.7592 
082 |b D739 
100 |a Blake Dournaee 
245 0 |a XML security 
245 0 |c Blake Dournaee 
260 |a New York 
260 |b McGraw-Hill 
260 |c 2002 
650 |a xhtml ( document makup language ) 
980 |a Trung tâm Học liệu Trường Đại học Cần Thơ